| 000 | 00492nam a2200193Ia 4500 | ||
|---|---|---|---|
| 003 | OSt | ||
| 005 | 20221018092511.0 | ||
| 008 | 210210b1983 xxu||||| |||| 00| 0 eng d | ||
| 040 | _cAL | ||
| 041 | _aEnglish | ||
| 082 | _a519.5 GUPF | ||
| 100 |
_aGUPTA (S C) & KAPOOR (V K) _959789 |
||
| 245 | _aFundamentals of mathematical statistics | ||
| 260 |
_aND _bSultan Chand & Sons _c1983 |
||
| 300 | _axx,1104 | ||
| 690 |
_aMathematical Statistics _959790 |
||
| 906 | _a036683 | ||
| 942 |
_2ddc _cBK |
||
| 999 |
_c86963 _d86963 |
||